Discovering statistics using IBM SPSS statistics : (Record no. 276727)
[ view plain ]
| 000 -LEADER | |
|---|---|
| fixed length control field | 01537nam a22002415a 4500 |
| 001 - CONTROL NUMBER | |
| control field | SSB062266 SSB004523 |
| 003 - CONTROL NUMBER IDENTIFIER | |
| control field | SISC |
| 005 - DATE AND TIME OF LATEST TRANSACTION | |
| control field | 20160822140018.0 |
| 008 - FIXED-LENGTH DATA ELEMENTS--GENERAL INFORMATION | |
| fixed length control field | |
| 020 ## - INTERNATIONAL STANDARD BOOK NUMBER | |
| International Standard Book Number | 9781446249178 |
| 050 #4 - LIBRARY OF CONGRESS CALL NUMBER | |
| Classification number | HA 32 |
| Item number | .F453 2013 |
| 100 1# - MAIN ENTRY--PERSONAL NAME | |
| Personal name | Field, Andy P. |
| 245 10 - TITLE STATEMENT | |
| Title | Discovering statistics using IBM SPSS statistics : |
| Remainder of title | and sex and drugs and rock 'n' roll / |
| Statement of responsibility, etc | Andy Field. |
| 250 ## - EDITION STATEMENT | |
| Edition statement | 4th edition. |
| 260 ## - PUBLICATION, DISTRIBUTION, ETC. (IMPRINT) | |
| Place of publication, distribution, etc | Los Angeles : |
| Name of publisher, distributor, etc | Sage, |
| Date of publication, distribution, etc | 2013. |
| 300 ## - PHYSICAL DESCRIPTION | |
| Extent | xxxvi, 915 pages : |
| Other physical details | color illustrations ; |
| Dimensions | 27 cm. |
| 504 ## - BIBLIOGRAPHY, ETC. NOTE | |
| Bibliography, etc | Includes bibliographical references and index. |
| 505 ## - FORMATTED CONTENTS NOTE | |
| Title | Why is my evil lecturer forcing me to learn statistics? -- |
| -- | Everything you never wanted to know about statistics -- |
| -- | The IBM SPSS statistics environment -- |
| -- | Exploring data with graphs -- |
| -- | THe beast of bias -- |
| -- | Non-parametric models -- |
| -- | Correlation -- |
| -- | Regression -- |
| -- | Comparing two means -- |
| -- | Moderation, mediation and more regression -- |
| -- | Comparing several means: ANOVA (GLM 1) -- |
| -- | Analysis of covariance, ANCOVA (GLM 2) -- Factorial ANOVA (GLM 3) -- |
| -- | Repeated-measures designs (GLM 4) -- |
| -- | Mixed design ANOVA (GLM 5) -- |
| -- | Multivariate analysis of variance (MANOVA) -- |
| -- | Exploratory factor analysis -- |
| -- | Categorical data -- |
| -- | Logistic regression -- |
| -- | Multilevel linear models -- |
| -- | Epilogie : life after discovering statistics. |
| 630 00 - SUBJECT ADDED ENTRY--UNIFORM TITLE | |
| Uniform title | SPSS (Computer file) |
| Form subdivision | Handbooks, manuals, etc. |
| 630 00 - SUBJECT ADDED ENTRY--UNIFORM TITLE | |
| Uniform title | SPSS for Windows. |
| 650 #0 - SUBJECT ADDED ENTRY--TOPICAL TERM | |
| Topical term or geographic name as entry element | Social sciences |
| General subdivision | Statistical methods |
| -- | Computer programs. |
| 942 ## - ADDED ENTRY ELEMENTS (KOHA) | |
| Source of classification or shelving scheme | Library of Congress Classification |
| Koha item type | Books |
| Call number prefix | Foreign |
| Withdrawn status | Lost status | Source of classification or shelving scheme | Damaged status | Home library | Current library | Shelving location | Date acquired | Source of acquisition | Sub Shelving location | Total Checkouts | Total Renewals | Full call number | Barcode | Date last seen | Date checked out | Price effective from | Koha item type |
|---|---|---|---|---|---|---|---|---|---|---|---|---|---|---|---|---|---|
| Library of Congress Classification | College Library | College Library | Reserve Section | 11/06/2014 | Library Fund | 5 | 7 | HA 32 .F453 2013 | C18846 | 04/29/2019 | 04/22/2019 | 11/06/2014 | Books |